<?xml version="1.0" encoding="UTF-8"?>
<marc:record xmlns:marc="http://www.loc.gov/MARC21/slim">
   <marc:leader>00000nam a2200000 a 4500</marc:leader>
   <marc:datafield ind1="1" ind2=" " tag="100">
      <marc:subfield code="a">Steffensmeier, Alexander</marc:subfield>
      <marc:subfield code="4">aut</marc:subfield>
      <marc:subfield code="e">Verfasser/-in</marc:subfield>
   </marc:datafield>
   <marc:datafield ind1=" " ind2=" " tag="653">
      <marc:subfield code="a">Bilderbuch-Reihen (Kindermedien)</marc:subfield>
   </marc:datafield>
   <marc:datafield ind1=" " ind2=" " tag="653">
      <marc:subfield code="a">Kuh</marc:subfield>
   </marc:datafield>
   <marc:datafield ind1="0" ind2="0" tag="245">
      <marc:subfield code="a">Ein Platz nur für Lieselotte</marc:subfield>
   </marc:datafield>
   <marc:datafield ind1=" " ind2="1" tag="264">
      <marc:subfield code="b">Sauerländer</marc:subfield>
      <marc:subfield code="c">2019</marc:subfield>
   </marc:datafield>
   <marc:datafield ind1="1" ind2=" " tag="520">
      <marc:subfield code="a">Ein neues großes Bilderbuchabenteuer mit Lieselotte
Beim Versteckspielen entdeckt die Kuh Lieselotte einen großen hohlen Holunderbusch. Toll! Das wäre die perfekte Höhle. Für sie ganz allein! Schnell läuft sie zum Bauernhof zurück und sucht sich allerlei Dinge, um sich in ihrer Höhle gemütlich einzurichten. Doch als sie zurückkommt, haben sich schon die Ziege und das Pony darin breitgemacht. Wie gemein! Doch als dann noch die Hühner die Höhle besetzen, schmollen auch das Pony und die Ziege. Vielleicht können sie das Federvieh ja gemeinsam mit einer Höhlen-Hühner-Vergraul-Maschine verscheuchen?
Ein kunterbuntes Bauernhofabenteuer mit der Lieblingskuh Lieselotte, allen ihren Freunden und natürlich jeder Menge lustiger Hühner.
Noch mehr Spaß mit Lieselotte unter: www.kuh-lieselotte.de</marc:subfield>
   </marc:datafield>
   <marc:datafield ind1=" " ind2=" " tag="020">
      <marc:subfield code="a">9783737356534</marc:subfield>
      <marc:subfield code="9">9783737356534</marc:subfield>
   </marc:datafield>
</marc:record>
